[Event "RUS Rapid GP Serpukhov"]
[Site "Serpukhov RUS"]
[Date "2018.02.24"]
[Round "10.9"]
[White "Popov, Ivan RUS"]
[Black "Lavrov, Maxim1"]
[Result "1-0"]
[WhiteTitle "GM"]
[BlackTitle "IM"]
[WhiteElo "2608"]
[BlackElo "2384"]
[WhiteFideId "4170350"]
[BlackFideId "4166418"]
[EventDate "2018.02.23"]

1. e4 e5 2. Nf3 Nc6 3. Bc4 Nf6 4. Ng5 d5 5. exd5 Na5 6. Bb5+ c6 7. dxc6 bxc6 8.
Bd3 Be7 9. Qf3 h6 10. Ne4 Nd5 11. Ng3 O-O 12. Bf5 Ba6 13. d3 Bg5 14. Bxg5 Qxg5
15. Nd2 g6 16. Be4 Rad8 17. h4 Qe7 18. h5 Nb4 19. hxg6 Nxc2+ 20. Kd1 fxg6 21.
Qg4 Nxa1 22. Rxh6 Rd6 23. Nf5 Rxf5 24. Bxf5 Qg7 25. Be6+ Kf8 26. Rxg6 Qh7 27.
Qf5+ Ke8 28. Rg8+ Qxg8 29. Bxg8 Bxd3 30. Qxe5+ Kd7 31. Qxa5 1-0

[Event "RUS Rapid GP Serpukhov"]
[Site "Serpukhov RUS"]
[Date "2018.02.24"]
[Round "10.10"]
[White "Volkov, Sergey"]
[Black "Fakhrutdinov, Timur"]
[Result "0-1"]
[WhiteTitle "GM"]
[BlackTitle "FM"]
[WhiteElo "2612"]
[BlackElo "2429"]
[WhiteFideId "4122763"]
[BlackFideId "24176702"]
[EventDate "2018.02.23"]

1. d4 Nf6 2. c4 e6 3. Nc3 Bb4 4. f3 c5 5. d5 O-O 6. e4 b5 7. Nh3 bxc4 8. Bxc4
Ba6 9. Bxa6 Nxa6 10. O-O h6 11. Nf2 c4 12. Be3 d6 13. Rc1 Qa5 14. Bd4 e5 15. Be3
Rfc8 16. Qe2 Bc5 17. Bxc5 Nxc5 18. Rc2 Rab8 19. Rfc1 Nfd7 20. g3 Nb6 21. Kg2
Ncd7 22. h4 Qc5 23. g4 Nf8 24. h5 Qc7 25. Ncd1 Qe7 26. Ne3 g6 27. Nh1 Qg5 28.
Ng3 Nfd7 29. Nxc4 Nxc4 30. Rxc4 Qxc1 31. Rxc1 Rxc1 32. hxg6 fxg6 33. Qd2 Rbc8
34. Qxh6 Nf8 35. Qe3 R1c2+ 36. Kh3 Rxb2 37. Qxa7 Rcc2 38. g5 Rxa2 39. Qb6 Rh2+
40. Kg4 Rh7 41. Qxd6 Rah2 42. f4 R7h4+ 43. Kf3 Rxf4+ 44. Ke3 Rh3 45. Qxe5 Rg4
46. Kd4 Rgxg3 47. Qc7 Rxg5 48. Qc4 0-1

[Event "RUS Rapid GP Serpukhov"]
[Site "Serpukhov RUS"]
[Date "2018.02.24"]
[Round "10.11"]
[White "Nozdrachev, Vladislav"]
[Black "Cherenkov, Andrey"]
[Result "1-0"]
[WhiteTitle "IM"]
[BlackTitle "FM"]
[WhiteElo "2485"]
[BlackElo "2177"]
[WhiteFideId "24113441"]
[BlackFideId "4185315"]
[EventDate "2018.02.23"]

1. d4 Nf6 2. Nf3 e6 3. c4 b6 4. a3 Be7 5. Nc3 Bb7 6. d5 b5 7. e4 bxc4 8. Bxc4
O-O 9. O-O Ba6 10. Bxa6 Nxa6 11. b4 Ne8 12. Be3 c6 13. dxc6 dxc6 14. Qa4 Qc8 15.
Rac1 Qb7 16. Ne5 Nb8 17. Rfd1 f6 18. Nc4 Qc8 19. Nb6 axb6 20. Qxa8 Qc7 21. Na4
f5 22. Bxb6 Qf4 23. Be3 Qe5 24. Bd4 Qf4 25. Qb7 Bd6 26. e5 Bxe5 27. g3 Qe4 28.
Nc3 Nd6 29. Nxe4 Nxb7 30. Bxe5 fxe4 31. Bxb8 Rxb8 32. Rxc6 Nd8 33. Rc4 Nf7 34.
Rxe4 Ng5 35. Re3 1-0

[Event "RUS Rapid GP Serpukhov"]
[Site "Serpukhov RUS"]
[Date "2018.02.24"]
[Round "10.12"]
[White "Iljiushenok, Ilia"]
[Black "Bordovsky, Vladimir"]
[Result "1-0"]
[WhiteTitle "IM"]
[WhiteElo "2528"]
[BlackElo "2326"]
[WhiteFideId "24105074"]
[BlackFideId "14118467"]
[EventDate "2018.02.23"]

1. c4 Nf6 2. Nc3 d6 3. g3 g6 4. Bg2 Bg7 5. e4 e5 6. Nge2 O-O 7. O-O c6 8. d3 Be6
9. f4 Qb6+ 10. Kh1 Ng4 11. f5 Bd7 12. Qe1 Ne3 13. f6 Bh6 14. h3 Nc2 15. Qd1 Ne3
16. Qb3 Bg5 17. Qxb6 axb6 18. Rb1 h6 19. h4 Nxf1 20. hxg5 Nxg3+ 21. Nxg3 h5 22.
a3 Bg4 23. Nf1 Nd7 24. Ne3 Be6 25. b4 Ra7 26. Bf3 Rfa8 27. Nc2 Kh7 28. Kg2 Rh8
29. Kg3 h4+ 30. Kxh4 Kg8+ 31. Kg3 Ra8 32. Ne3 Rh3+ 33. Kg2 Nf8 34. Ne2 Rh4 35.
Ng1 Nd7 36. Kg3 Rh8 37. Bb2 Nf8 38. Ng4 Bxg4 39. Bxg4 Ne6 40. Nf3 Nf4 41. Rd1 c5
42. b5 Nh5+ 43. Kf2 Nf4 44. Bc1 Ne6 45. Kg3 Kf8 46. Nh4 Nd4 47. Ng2 Nc2 48. Rd2
Nd4 49. Bb2 Rh1 50. Ne3 Nb3 51. Rc2 Nd4 52. Rf2 Rg1+ 53. Kh2 Rb1 54. Nd5 Ne6 55.
Nxb6 Rd8 56. a4 Nxg5 57. a5 Nh7 58. Bc3 Rb3 59. Nd5 Ng5 60. Bd2 Ne6 61. Bh6+ Ke8
62. Bxe6 fxe6 63. f7+ Kd7 64. Nb6+ 1-0

[Event "RUS Rapid GP Serpukhov"]
[Site "Serpukhov RUS"]
[Date "2018.02.24"]
[Round "10.13"]
[White "Gvanceladze, Anna"]
[Black "Hasangatin, Ramil"]
[Result "0-1"]
[WhiteTitle "WFM"]
[BlackTitle "GM"]
[WhiteElo "2302"]
[BlackElo "2502"]
[WhiteFideId "4113721"]
[BlackFideId "4122160"]
[EventDate "2018.02.23"]

1. e4 d5 2. exd5 Qxd5 3. Nf3 Bg4 4. Be2 Nc6 5. O-O O-O-O 6. h3 Bh5 7. Nc3 Qd7 8.
Bb5 f6 9. d4 e6 10. Be3 Nge7 11. Qe2 Nf5 12. Rfe1 Bd6 13. d5 exd5 14. Bxa7 d4
15. Ne4 Nh4 16. Bxc6 Qxc6 17. Nxd4 Qd5 18. Qb5 Qxb5 19. Nxb5 Be5 20. c3 b6 21.
a4 Be8 22. a5 Bxb5 23. axb6 Bc6 24. bxc7 Bxc7 25. f3 Rhe8 26. Bf2 Ng6 27. Ra7
Ne5 28. Rea1 Bxe4 29. fxe4 Nc6 30. R7a4 Rd2 31. Rc4 Re6 32. b4 Ne5 33. Rd4 Rxd4
34. Bxd4 Nc6 35. Bc5 Rxe4 36. Ra8+ Nb8 37. Kf2 Rc4 38. Bd4 Be5 39. Bxe5 fxe5 40.
Ra3 Nd7 41. Ke3 e4 42. Kd2 Kb7 43. Ra5 Nf6 44. Re5 Kc6 45. Re7 Nd5 46. Rxg7 Rxc3
47. Rxh7 Rd3+ 48. Ke2 Nf4+ 49. Kf2 Kd6 50. Rf7 Ke5 51. Rf8 Rd2+ 52. Ke1 Rxg2 53.
h4 Rh2 54. b5 Nd3+ 55. Kf1 Rxh4 56. b6 Rh7 57. Ke2 Nf4+ 58. Ke3 Nd5+ 0-1

[Event "RUS Rapid GP Serpukhov"]
[Site "Serpukhov RUS"]
[Date "2018.02.24"]
[Round "10.14"]
[White "Novikov, Konstantin"]
[Black "Kharchenko, Boris"]
[Result "1-0"]
[BlackTitle "GM"]
[WhiteElo "2255"]
[BlackElo "2464"]
[WhiteFideId "24163554"]
[BlackFideId "14113210"]
[EventDate "2018.02.23"]

1. e4 e5 2. Nf3 Nc6 3. Bb5 a6 4. Ba4 Nf6 5. O-O Be7 6. Re1 b5 7. Bb3 d6 8. c3
O-O 9. d4 Bg4 10. Be3 Re8 11. Nbd2 exd4 12. cxd4 d5 13. e5 Ne4 14. a3 Na5 15.
Bc2 Nxd2 16. Qxd2 Nc4 17. Qd3 g6 18. Bc1 c5 19. b3 Nb6 20. dxc5 Bxc5 21. Bb2 Rc8
22. Rac1 Bf5 23. Qd2 Bxc2 24. Rxc2 Bf8 25. Rxc8 Qxc8 26. e6 Rxe6 27. Qd4 f6 28.
Rc1 Qd8 29. h4 Bg7 30. h5 Re4 31. Qc5 Re7 32. hxg6 hxg6 33. Bd4 Re6 34. Qc3 Qe8
35. Qc7 Nd7 36. Qb7 Qe7 37. Rc7 Qxa3 38. Qxd5 Nf8 39. Rc6 Qe7 40. Bc5 Qb7 41.
Nd4 Kh7 42. Nxe6 1-0

[Event "RUS Rapid GP Serpukhov"]
[Site "Serpukhov RUS"]
[Date "2018.02.24"]
[Round "10.15"]
[White "Kholin, Aleksandr"]
[Black "Drozdova, Dina"]
[Result "1-0"]
[WhiteTitle "FM"]
[BlackTitle "WIM"]
[WhiteElo "2410"]
[BlackElo "2209"]
[WhiteFideId "14179385"]
[BlackFideId "4170695"]
[EventDate "2018.02.23"]

1. d4 d6 2. c4 e5 3. Nf3 Nd7 4. Nc3 Ngf6 5. e4 Be7 6. Be2 O-O 7. O-O exd4 8.
Nxd4 Re8 9. Re1 Bf8 10. Bf1 a5 11. Bg5 h6 12. Bh4 c6 13. Qc2 Ne5 14. f3 Ng6 15.
Bf2 Bd7 16. Rad1 Qc7 17. Nb3 a4 18. Nd4 Qa5 19. Qd2 a3 20. Nb3 Qb4 21. Rb1 Ne5
22. Rec1 Be6 23. bxa3 Qxa3 24. Nd4 Nxc4 25. Qe1 d5 26. Nxe6 Rxe6 27. Bxc4 dxc4
28. Rxb7 Rd8 29. Ra7 Qb2 30. Rb1 Qc2 31. Rab7 Rd3 32. Ne2 Qxa2 33. R7b2 Qa3 34.
Nf4 Re8 35. Nxd3 cxd3 36. Rb3 Qa6 37. Qd2 Rd8 38. Rd1 c5 39. Rxd3 Rc8 40. Rd8 1-0

[Event "RUS Rapid GP Serpukhov"]
[Site "Serpukhov RUS"]
[Date "2018.02.24"]
[Round "10.16"]
[White "Burger, Konstantin"]
[Black "Girya, Olga"]
[Result "0-1"]
[BlackTitle "WGM"]
[WhiteElo "2138"]
[BlackElo "2482"]
[WhiteFideId "24118117"]
[BlackFideId "4195752"]
[EventDate "2018.02.23"]

1. e4 c6 2. Nc3 d5 3. Nf3 dxe4 4. Nxe4 Nf6 5. Ng3 g6 6. Bc4 Bg7 7. O-O O-O 8.
Re1 Bg4 9. h3 Bxf3 10. Qxf3 Nbd7 11. d4 Nb6 12. Bb3 a5 13. c3 Nbd5 14. a4 e6 15.
Rb1 Qc7 16. Bg5 h6 17. Bd2 Rad8 18. c4 Nb4 19. Bc3 Nh7 20. Rbd1 Rfe8 21. Ne4 f5
22. Nc5 Ng5 23. Qe2 b6 24. Nd3 Nxd3 25. Rxd3 Ne4 26. Red1 c5 27. dxc5 Nxc5 28.
Rxd8 Rxd8 29. Bxg7 Rxd1+ 30. Bxd1 Kxg7 31. g3 Qd6 32. Bc2 Qd4 33. b3 Kf6 34. Kg2
Qc3 35. Qd1 Ke7 36. h4 g5 37. hxg5 hxg5 38. Qe2 g4 39. Bd1 Nxb3 40. Bxb3 Qxb3
41. Qe5 Qxc4 42. Qg7+ Kd6 43. Qf8+ Kc7 44. Qe7+ Kc6 45. Kg1 Qc1+ 46. Kh2 Qc4 47.
Kg1 Kd5 48. Qe8 Ke4 49. Kg2 Qd5 50. Qc8 Kd4+ 51. Kg1 Kd3 52. Qc7 Qb3 53. Qc6 Ke2
54. Kh2 Kxf2 55. Qd6 Ke3 56. Qf4+ Kd3 57. Qd6+ Kc2 58. Qd4 Qb2 59. Qc4+ Kb1+ 0-1

[Event "RUS Rapid GP Serpukhov"]
[Site "Serpukhov RUS"]
[Date "2018.02.24"]
[Round "10.17"]
[White "Volovikov, Anton"]
[Black "Vul, Arkadi Eremeevich"]
[Result "1-0"]
[WhiteTitle "FM"]
[BlackTitle "GM"]
[WhiteElo "2271"]
[BlackElo "2225"]
[WhiteFideId "14120283"]
[BlackFideId "4104307"]
[EventDate "2018.02.23"]

1. e4 e5 2. Bc4 Nf6 3. d4 exd4 4. Nf3 Nc6 5. O-O Nxe4 6. Re1 d5 7. Nc3 dxc4 8.
Rxe4+ Be6 9. Nxd4 Nxd4 10. Rxd4 Bd6 11. Ne4 O-O 12. Bg5 f6 13. Bf4 Qe8 14. Bxd6
cxd6 15. Nxd6 Qc6 16. Qe2 Bf7 17. Nxc4 Rfe8 18. Ne3 Qb6 19. c3 Rad8 20. Rxd8
Rxd8 21. a3 Bb3 22. Re1 Qd6 23. Nf5 Qd2 24. Nd4 Qxe2 25. Rxe2 Kf7 26. f4 Bc4 27.
Re3 Re8 28. Rxe8 Kxe8 29. Nf5 Kf8 30. Kf2 g6 31. Ne3 Be6 32. Kf3 Ke7 33. Ke4 Kd6
34. Kd4 b6 35. g3 g5 36. b4 gxf4 37. gxf4 Kc6 38. c4 Kd6 39. Nd5 f5 40. Nc3 Bd7
41. Nd1 Bc8 42. Nf2 Bd7 43. Nd3 Bc8 44. Ne5 Be6 45. Nd3 Bc8 46. Ne5 Be6 47. c5+
bxc5+ 48. bxc5+ Kc7 49. Nc4 Kc6 50. Nd6 Bd7 51. h4 a5 52. h5 h6 53. Nf7 Be8 54.
Nxh6 Bxh5 55. Nxf5 Kb5 56. Nd6+ Kc6 57. f5 Bg4 58. f6 Be6 1-0

[Event "RUS Rapid GP Serpukhov"]
[Site "Serpukhov RUS"]
[Date "2018.02.24"]
[Round "10.18"]
[White "Dukhov, Alexander"]
[Black "Kretov, Evgenij"]
[Result "1/2-1/2"]
[WhiteTitle "IM"]
[BlackTitle "FM"]
[WhiteElo "2374"]
[BlackElo "2218"]
[WhiteFideId "4116810"]
[BlackFideId "4167821"]
[EventDate "2018.02.23"]

1. Nf3 c5 2. c4 Nf6 3. g3 b6 4. Bg2 Bb7 5. O-O e6 6. Nc3 Be7 7. d4 cxd4 8. Qxd4
d6 9. b3 Nbd7 10. Ba3 Nc5 11. Rfd1 O-O 12. Rac1 a6 13. Qf4 Qc8 14. Bh3 Qc6 15.
Bg2 Rac8 16. Bb2 Rfd8 17. Ne1 Qc7 18. Bh3 Qb8 19. Nc2 h6 20. Qe3 Bf8 21. Nd4 Re8
22. Bg2 Bxg2 23. Kxg2 Qb7+ 24. Qf3 Qc7 25. e3 Rb8 26. Nce2 Qd7 27. b4 Nce4 28.
b5 axb5 29. cxb5 d5 30. a4 Ra8 31. Ra1 e5 32. Nf5 Ng5 33. Nxh6+ Kh7 34. Qf5+
Kxh6 35. Qxd7 Nxd7 36. Rxd5 Nc5 37. Bxe5 Nge6 38. Nf4 g5 39. Ne2 Rxa4 40. Rxa4
Nxa4 41. f4 gxf4 42. exf4 f5 43. h3 Rd8 44. Rxd8 Nxd8 45. Nd4 Kg6 46. g4 fxg4
47. hxg4 Bc5 48. Nc6 Nf7 49. Ba1 Nd6 50. Kf3 Nxb5 51. f5+ Kg5 52. Nd8 Nac3 53.
Ne6+ Kf6 54. Nxc5 bxc5 55. Ke3 Ke7 56. Kd3 Na4 57. g5 Nd6 58. f6+ Ke6 59. g6 Nb6
60. f7 Nd7 61. Bg7 Ke7 62. Bd4 c4+ 63. Kc3 Nb5+ 1/2-1/2

[Event "RUS Rapid GP Serpukhov"]
[Site "Serpukhov RUS"]
[Date "2018.02.24"]
[Round "10.19"]
[White "Smirnov, Timofey"]
[Black "Arkhipenko, Daniil"]
[Result "1-0"]
[WhiteTitle "FM"]
[WhiteElo "2324"]
[BlackElo "2143"]
[WhiteFideId "24176427"]
[BlackFideId "4191366"]
[EventDate "2018.02.23"]

1. e4 e6 2. d4 d5 3. Nc3 Bb4 4. e5 b6 5. a3 Bxc3+ 6. bxc3 Ne7 7. Ne2 Ba6 8. g3
Qd7 9. a4 Nbc6 10. Bg2 Na5 11. O-O Qc6 12. Ba3 Bxe2 13. Qxe2 Qxc3 14. Bxe7 Kxe7
15. Rad1 h5 16. f4 g6 17. Rd3 Qc4 18. h3 Rh7 19. g4 hxg4 20. hxg4 Rah8 21. Qd2
Qxa4 22. f5 gxf5 23. Qg5+ Kd7 24. gxf5 Kc8 25. fxe6 fxe6 26. Qg4 Qd7 27. Rh3 Kb7
28. Rxh7 Rxh7 29. Rf6 Re7 30. Kf2 Nc4 31. Bh3 a5 32. Qg6 Rg7 33. Bxe6 Rxg6 34.
Bxd7 Rxf6+ 35. exf6 Nd6 36. Ke2 c6 37. Be6 a4 38. Kd1 a3 39. Kc1 Nb5 40. f7 Nxd4
41. Bg4 a2 42. Kb2 Nxc2 43. Kxa2 Nb4+ 44. Kb1 Ka6 45. f8=Q Kb5 46. Be2+ Ka4 1-0

[Event "RUS Rapid GP Serpukhov"]
[Site "Serpukhov RUS"]
[Date "2018.02.24"]
[Round "10.20"]
[White "Klimentov, Roman"]
[Black "Novikov, Aleksey"]
[Result "1-0"]
[WhiteElo "2211"]
[BlackElo "1869"]
[WhiteFideId "4130286"]
[BlackFideId "34106500"]
[EventDate "2018.02.23"]

1. e4 e5 2. Nf3 Nc6 3. Bb5 a6 4. Ba4 Nf6 5. O-O Be7 6. d3 d6 7. c3 O-O 8. h3 h6
9. Nbd2 Bd7 10. Bc2 Re8 11. d4 Bf8 12. Re1 g6 13. Nf1 Bg7 14. a3 b5 15. b4 a5
16. dxe5 Nxe5 17. Nxe5 Rxe5 18. Bf4 Re7 19. Qd2 axb4 20. axb4 Rxa1 21. Rxa1 Kh7
22. f3 Bc6 23. Ne3 Qb8 24. Ng4 Nxg4 25. hxg4 Qb7 26. Kf2 d5 27. Rh1 dxe4 28.
Bxh6 e3+ 29. Bxe3+ Kg8 30. Bd4 Rd7 31. Qe3 Bxd4 32. cxd4 Qa8 33. Qh6 f6 34. Bb3+ 1-0

[Event "RUS Rapid GP Serpukhov"]
[Site "Serpukhov RUS"]
[Date "2018.02.24"]
[Round "10.21"]
[White "Kabanova, Ekaterina"]
[Black "Dvalishvili, Pavel S."]
[Result "1-0"]
[WhiteTitle "WFM"]
[BlackTitle "IM"]
[WhiteElo "2202"]
[BlackElo "2413"]
[WhiteFideId "24112917"]
[BlackFideId "4121996"]
[EventDate "2018.02.23"]

1. c4 c5 2. Nf3 g6 3. e3 Bg7 4. Be2 e5 5. Qc2 Nc6 6. a3 Nge7 7. d3 O-O 8. Nbd2
a6 9. Rb1 a5 10. b3 Rb8 11. Bb2 d6 12. O-O h6 13. h3 Bf5 14. Nh4 Be6 15. Nhf3
Qd7 16. Rfe1 g5 17. Nh2 Rfc8 18. Rbd1 f5 19. Rf1 Nd8 20. Nb1 b5 21. Nd2 Nf7 22.
cxb5 Qxb5 23. Rb1 d5 24. Ba1 Qd7 25. Rfc1 Nd6 26. Ndf3 d4 27. Nd2 Nd5 28. Nhf1
Nb6 29. Qd1 Rc7 30. Bf3 Rbc8 31. Qe2 a4 32. bxa4 Nxa4 33. e4 f4 34. Nc4 Nxc4 35.
dxc4 Rc6 36. Qd3 Nb6 37. Nd2 Qf7 38. Qe2 Ra8 39. Rb3 Ra4 40. Bh5 Qa7 41. Bb2 Qa6
42. Bg4 Qc8 43. Rb5 Qe8 44. Qd1 Bf7 45. Qb3 Ra6 46. Bf5 Kh8 47. a4 Bg8 48. a5
Nd7 49. Ba3 Be6 50. Qd3 Rc8 51. Rcb1 Rca8 52. Bxe6 Qxe6 53. Nb3 Bf8 54. Bxc5
Nxc5 55. Nxc5 Bxc5 56. Rxc5 Rxa5 57. Rxa5 Rxa5 58. Rb8+ Kg7 59. Qb3 Ra7 60. Rb6
Qe7 61. c5 Rc7 62. c6 Qc5 63. Rb8 Rf7 64. Rb7 1-0

[Event "RUS Rapid GP Serpukhov"]
[Site "Serpukhov RUS"]
[Date "2018.02.24"]
[Round "10.22"]
[White "Sakun, Volodymyr"]
[Black "Solozhenkina, Elizaveta"]
[Result "1-0"]
[WhiteTitle "FM"]
[BlackTitle "WIM"]
[WhiteElo "2330"]
[BlackElo "2202"]
[WhiteFideId "14114062"]
[BlackFideId "34106615"]
[EventDate "2018.02.23"]

1. Nf3 Nf6 2. c4 e6 3. Nc3 d5 4. d4 Be7 5. Bg5 h6 6. Bh4 O-O 7. e3 Ne4 8. Bxe7
Qxe7 9. Qc2 Nxc3 10. Qxc3 dxc4 11. Bxc4 Nd7 12. O-O c5 13. Rfd1 Nf6 14. Qa3 b6
15. dxc5 Qxc5 16. Qxc5 bxc5 17. Ne5 Bb7 18. Nd7 Nxd7 19. Rxd7 Bc6 20. Rd6 Rfc8
21. Rad1 Kf8 22. Ba6 Rc7 23. Rxc6 Rxc6 24. Bb7 Rac8 25. Bxc8 Rxc8 26. Kf1 Ke7
27. Ke2 a5 28. Rd2 c4 29. Rc2 Kd6 30. b3 Kd5 31. Rd2+ Kc5 32. bxc4 Rc7 33. Rb2
Rd7 34. Rb5+ Kxc4 35. Rxa5 Kb4 36. Ra8 Kb5 37. Kf3 Kc6 38. Rg8 g6 39. Ra8 Kd6
40. g4 Ke7 41. h4 Rd2 42. g5 hxg5 43. hxg5 Rc2 44. Ra7+ Kf8 45. Kg3 Kg7 46. f4
Rc1 47. a4 Rc3 48. Kf3 Ra3 49. a5 Ra4 50. a6 Kg8 51. Ke2 Ra3 52. Kd2 Kf8 53. Kc2
Kg7 54. Kb2 Rxe3 55. Rc7 Re4 56. Kb3 Re1 57. a7 Ra1 58. Kb4 Kf8 59. Kb5 Kg7 60.
Kb6 Rb1+ 61. Kc6 Rc1+ 62. Kb7 Rb1+ 63. Kc8 1-0

[Event "RUS Rapid GP Serpukhov"]
[Site "Serpukhov RUS"]
[Date "2018.02.24"]
[Round "11.1"]
[White "Bocharov, Dmitry"]
[Black "Ponkratov, Pavel"]
[Result "1/2-1/2"]
[WhiteTitle "GM"]
[BlackTitle "GM"]
[WhiteElo "2594"]
[BlackElo "2605"]
[WhiteFideId "4138716"]
[BlackFideId "4157800"]
[EventDate "2018.02.23"]

1. d4 e6 2. c4 c5 3. Nf3 cxd4 4. Nxd4 Nf6 5. Nc3 Nc6 6. Bf4 d5 7. cxd5 Nxd5 8.
Nxc6 bxc6 9. Bd2 Rb8 10. e4 Nb4 11. Bf4 Qxd1+ 12. Kxd1 Ra8 13. a3 Na6 14. Kc2
Be7 15. Rd1 f6 16. Bd6 Nc5 17. Bc4 e5 18. Rd2 Nb7 19. Bxe7 Kxe7 20. Rhd1 Rd8 21.
Rxd8 Nxd8 22. Na4 Nb7 23. Ba6 Nd6 24. Bxc8 Rxc8 25. Nc5 Rb8 26. f3 a5 27. b3 g5
28. Rd3 h5 29. h3 Rg8 30. a4 g4 31. hxg4 hxg4 32. Kc3 g3 33. Rd2 Rh8 34. Rc2 Rh1
35. b4 axb4+ 36. Kxb4 Rb1+ 37. Kc3 f5 38. exf5 Nxf5 39. Ne4 Ne3 40. Re2 Nd5+ 41.
Kc4 Rc1+ 42. Kb3 Rb1+ 43. Rb2 Re1 44. Nxg3 Re3+ 45. Kc2 Ra3 46. Ne4 Rxa4 47.
Rb7+ Kf8 48. Kb3 Ra1 49. Rb8+ Kf7 50. Rc8 Rb1+ 51. Kc2 Rg1 52. g4 Rf1 53. Kd2
Ke7 54. Rxc6 Rxf3 55. Rc5 Rf4 56. Rxd5 Rxe4 57. Kd3 Rxg4 58. Rxe5+ 1/2-1/2

[Event "RUS Rapid GP Serpukhov"]
[Site "Serpukhov RUS"]
[Date "2018.02.24"]
[Round "11.2"]
[White "Pridorozhni, Aleksei"]
[Black "Kryakvin, Dmitry"]
[Result "0-1"]
[WhiteTitle "GM"]
[BlackTitle "GM"]
[WhiteElo "2570"]
[BlackElo "2567"]
[WhiteFideId "4127870"]
[BlackFideId "4153278"]
[EventDate "2018.02.23"]

1. e4 c5 2. Nf3 d6 3. d4 cxd4 4. Nxd4 Nf6 5. Nc3 Nc6 6. f3 e5 7. Nb3 Be7 8. Be3
Be6 9. Nd5 Bxd5 10. exd5 Nb4 11. c4 a5 12. Qd2 b6 13. Nc1 Na6 14. Ne2 O-O 15.
Nc3 Nh5 16. g3 f5 17. O-O-O f4 18. gxf4 Nxf4 19. Kb1 Nc5 20. Rg1 Bg5 21. Qc2 Kh8
22. Rg4 Bh6 23. Ne4 Nxe4 24. Qxe4 Ra7 25. Qc2 Rb7 26. h4 Qf6 27. Bxf4 exf4 28.
h5 Re7 29. Bd3 Re3 30. Bxh7 Rxf3 31. Be4 Rg3 32. Rg6 Rxg6 33. Bxg6 f3 34. Qf2
Qf4 35. Qxb6 f2 36. Bd3 Qf3 37. Kc2 Re8 38. Qxd6 Re2+ 39. Kc3 f1=Q 40. Qb8+ Qf8
41. Rxf1 Qxb8 42. Bxe2 Qb4+ 0-1

[Event "RUS Rapid GP Serpukhov"]
[Site "Serpukhov RUS"]
[Date "2018.02.24"]
[Round "11.3"]
[White "Kokarev, Dmitry"]
[Black "Morozevich, Alexander"]
[Result "1/2-1/2"]
[WhiteTitle "GM"]
[BlackTitle "GM"]
[WhiteElo "2608"]
[BlackElo "2665"]
[WhiteFideId "4132181"]
[BlackFideId "4116992"]
[EventDate "2018.02.23"]

1. e4 e6 2. d4 d5 3. Nc3 Nf6 4. e5 Nfd7 5. f4 c5 6. Nf3 Qb6 7. Na4 Qa5+ 8. c3
cxd4 9. Nxd4 a6 10. b4 Qc7 11. Bd2 Nc6 12. Bd3 b5 13. Nb2 Nb6 14. Nxc6 Qxc6 15.
O-O Bb7 16. Qe2 Nc4 1/2-1/2

[Event "RUS Rapid GP Serpukhov"]
[Site "Serpukhov RUS"]
[Date "2018.02.24"]
[Round "11.4"]
[White "Grachev, Boris"]
[Black "Frolyanov, Dmitry"]
[Result "1/2-1/2"]
[WhiteTitle "GM"]
[BlackTitle "GM"]
[WhiteElo "2653"]
[BlackElo "2567"]
[WhiteFideId "4129199"]
[BlackFideId "4151976"]
[EventDate "2018.02.23"]

1. d4 d5 2. Bf4 Nf6 3. e3 e6 4. Nd2 c5 5. c3 Nc6 6. Ngf3 Bd6 7. Bg3 O-O 8. Bd3
b6 9. Qe2 Bb7 10. Rd1 a5 11. a3 Re8 12. Bb5 Bf8 13. Ne5 Qc8 14. O-O Nd7 15. Nxd7
Qxd7 16. Nf3 Qc8 17. dxc5 bxc5 18. c4 Rd8 19. Bh4 Rd6 20. cxd5 exd5 21. Qc2 c4
22. Bg3 Rd8 23. Ba4 Ne7 24. Nd4 Ra6 25. Bb5 Ra8 26. Ba4 Ra6 27. Bb5 Ra8 28. Ba4
Ra6 29. Bb5 Ra8 30. Ba4 Ra6 31. Bb5 Ra8 32. Ba4 1/2-1/2

[Event "RUS Rapid GP Serpukhov"]
[Site "Serpukhov RUS"]
[Date "2018.02.24"]
[Round "11.5"]
[White "Savchenko, Boris"]
[Black "Alekseev, Evgeny"]
[Result "1-0"]
[WhiteTitle "GM"]
[BlackTitle "GM"]
[WhiteElo "2550"]
[BlackElo "2616"]
[WhiteFideId "4147332"]
[BlackFideId "4138147"]
[EventDate "2018.02.23"]

1. e4 c5 2. Nf3 e6 3. c3 d5 4. exd5 Qxd5 5. d4 Nf6 6. Na3 Nc6 7. Be2 Qd8 8. Nc2
Be7 9. Bd3 O-O 10. Qe2 b6 11. dxc5 bxc5 12. Bg5 Bb7 13. O-O-O Qc7 14. Ne3 Rfd8
15. Kb1 Rd7 16. Bxf6 gxf6 17. Ba6 Bxa6 18. Rxd7 Qxd7 19. Qxa6 Rb8 20. Rd1 Qb7
21. Qxb7 Rxb7 22. Nc4 f5 23. Kc2 f6 24. Nfd2 Rd7 25. Re1 Kf7 26. Re3 Bf8 27. Rh3
Ke8 28. a3 Rg7 29. g3 Rd7 30. Rh4 h6 31. Nf1 Kf7 32. Nfe3 Kg6 33. Ng2 Kf7 34.
Nf4 Rd8 35. Nd3 Rd7 36. Nd2 Ne5 37. Nxe5+ fxe5 38. Ra4 e4 39. Ra6 Kf6 40. a4 h5
41. Nc4 h4 42. a5 h3 43. Rc6 Rd3 44. Rc8 Bh6 45. Rh8 Bg7 46. Ra8 Rf3 47. Rxa7
Rxf2+ 48. Kb3 Rxh2 49. Rd7 Rh1 50. a6 Ra1 51. Na3 h2 52. a7 Rxa3+ 53. bxa3 h1=Q
54. a8=Q Qb1+ 55. Ka4 Qc2+ 56. Kb5 Qb3+ 57. Kc6 Kg6 58. Qe8+ Kh6 59. Qe7 Qa4+
60. Kb6 Qb3+ 61. Kc6 Qa4+ 62. Kb7 Qb5+ 63. Kc8 Qc6+ 64. Rc7 Qa8+ 65. Kd7 Qd5+
66. Ke8 Bxc3 67. Rd7 Qe5 68. Qh4+ Kg6 69. Qh7+ Kg5 70. Qg8+ 1-0

[Event "RUS Rapid GP Serpukhov"]
[Site "Serpukhov RUS"]
[Date "2018.02.24"]
[Round "11.6"]
[White "Popov, Ivan RUS"]
[Black "Rakhmanov, Aleksandr"]
[Result "0-1"]
[WhiteTitle "GM"]
[BlackTitle "GM"]
[WhiteElo "2608"]
[BlackElo "2655"]
[WhiteFideId "4170350"]
[BlackFideId "4173708"]
[EventDate "2018.02.23"]

1. e4 c5 2. Nc3 Nc6 3. Nf3 Nd4 4. Bc4 e6 5. Nxd4 cxd4 6. Ne2 Bc5 7. d3 Ne7 8.
O-O d5 9. exd5 Nxd5 10. Ng3 O-O 11. Qf3 Nf6 12. Bg5 h6 13. Ne4 Be7 14. Nxf6+
Bxf6 15. Bxf6 Qxf6 16. Qe4 Rb8 17. f4 b5 18. Bb3 Bd7 19. Qe5 a5 20. Qxf6 gxf6
21. a3 Rfc8 22. Rfc1 Rc5 23. c3 Rbc8 24. c4 a4 25. Ba2 e5 26. fxe5 fxe5 27. Re1
Be6 28. cxb5 Bxa2 29. Rxa2 Rxb5 30. Re2 Rc1+ 31. Kf2 f6 32. Re1 Rbc5 33. Ra1
Rxa1 34. Rxa1 Rc2+ 35. Kf3 Rxb2 36. Rc1 Kf7 37. Rc4 Rd2 38. Ke4 Rxg2 39. Rxa4
Rxh2 40. Ra7+ Kg6 41. a4 Rh3 42. a5 Re3+ 43. Kd5 Rxd3 44. Ke6 e4 45. Rf7 e3 46.
Rxf6+ Kg5 47. Rf5+ Kg4 48. Re5 Ra3 0-1